Profesor MUDr. Ivan Šimkovic, Dr. Sc., 60 - ročný

Podrobná bibliografia
Hlavný autor: Brix, Miloš, 1924-1994 (Autor)
Médium: Článok
Jazyk:slovenčina
Predmet:

MARC

LEADER 00000nab a2200000 a 4500
001 vtls000034803
005 20260423093911.0
008 250422c1979 xo 0 slo
015 |a SNBRB19rr/mm-uuuuu 
035 |a CL0044898 
035 |a urn:nbn:sk:snk-ab6kpa 
035 |a (uuid)a428a819-7089-448f-a0d2-63f3cb92179d 
035 |a (urnnbn)urn:nbn:sk:snk:ar-005fj5 
035 |a (sysno)vtls000034803 
040 |a SNKBUCL  |b slo  |c SNKBUCL  |e AACR2 
041 0 |a slo 
044 |a xo  |c SK 
080 |a 614.2  |2 1981 
080 |a 617.5  |2 1981 
080 |a 92 Šimkovic, Ivan  |2 1981 
100 |a Brix, Miloš,  |d 1924-1994  |4 aut  |9 42412 
245 1 0 |a Profesor MUDr. Ivan Šimkovic, Dr. Sc., 60 - ročný  |c Brix ; Ivan Šimkovic 
600 1 7 |a Šimkovic, Ivan,  |d 1919-2007  |2 SNKMA  |9 110818 
655 7 |a profily  |2 snkbucl  |9 341977 
655 7 |a články z novín a časopisov  |2 snkbucl  |9 267496 
773 0 |t Lekársky obzor  |g Roč. 28, č. 6 (1979), s. 327-328 
852 |a Slovenská národná knižnica 
954 |a odborná, vedecká literatúra pôvodná (slovenská)  |2 lita 
958 |a article2022 
958 |a OND 
958 |a RK 
958 |a MI 
958 |a EUIPO 
999 |c 3219952  |d 3221882